• 首页
  • 本馆介绍
  • 公告通知
  • 最新文献
  • 馆藏检索
  • 电子资源
  • 读者导购
  • 参考咨询
  • 我的图书馆
  • 登录
  • 详细信息显示
  • 放入我的书架
  • 预约/预借图书
  • 作者相关作品
  • 分类相关作品
  • 丛书相关作品
  • 出版社相关作品

书目信息

  • 表格格式
  • 工作单格式
  • 卡片格式
题名:
英文抒情歌曲赏析
    
 
作者: 廖明涛
分册:  
出版信息: 西安   西安交通大学出版社  2000
页数: 265页
开本: 20cm
丛书名:
单 册:
中图分类: J65
科图分类:
主题词: 外国音乐--作品 , 音乐--各国--作品
电子资源:
ISBN: 7-5605-1240-2
000 00550nam0 2200193 450
001 0755227312
005 20070828152027.31
010    @a7-5605-1240-2@d¥12.00
100    @a20070828d km y0chiy0120 ea
101 0  @achi
200 1  @a英文抒情歌曲赏析@Aying wen shu qing ge qu shang xi@f廖明涛@Fliao ming tao
210    @a西安@c西安交通大学出版社@d2000
215    @a265页@d20cm
606 0  @a外国音乐@x作品
606 0  @a音乐@y各国@x作品
690    @aJ65@v3
701  0 @a廖明涛@Aliao ming tao
801  0 @aCN@bPFT@c20070828
905    @a213230@dJ65@eW2@f1
    
    英文抒情歌曲赏析/廖明涛.-西安:西安交通大学出版社,2000
    265页;20cm
    
    
    ISBN 7-5605-1240-2:¥12.00
    
●
相关链接 在E读中查询图书 在五车中查询图书 在当当中查询图书 在豆瓣中查询图书


正题名:英文抒情歌曲赏析     索取号:J65/W2         预约/预借

序号 登录号 条形码 馆藏地/架位号 状态 备注
1 0705412   207054122   密集书库—外国语学院/ [索取号:J65/W2] 在馆    
2 0705413   207054131   密集书库—外国语学院/ [索取号:J65/W2] 在馆    
唐山师范学院图书馆 欢迎您!
大连网信软件有限公司© 版权所有